000 00315nam a22001457a 4500
008 230913b ||||| |||| 00| 0 eng d
020 _a0198554931
041 _aeng
080 _a521
082 _a521ATK
100 _a19
101 _aASTRO
245 _aOXFORD CHEMISTRY SERIES
_cATKINS.W.P
942 _2udc
_cBK
999 _c60372
_d60372